| 000 | 01177cam a2200361 4500 | ||
|---|---|---|---|
| 008 | 090401t1993 xxu||||| |||| 00| 0 eng d | ||
| 020 | _a0931566487 | ||
| 035 | _a(Sirsi) u41925 | ||
| 041 | _aeng | ||
| 050 | _a333.330973 | ||
| 100 | _aJoroff, Michael | ||
| 245 | _aStrategic management of the fifth resource: corporate real estate | ||
| 260 |
_aAtlanta _bIndustrial Development Research Foundation _c1993 |
||
| 300 |
_a104p. _c28cm. |
||
| 350 | _a69.95 | ||
| 490 |
_aCorporate Real Estate _v2000 |
||
| 520 | _aAn American report on the new developments in the way that corporate real estate is managed, which forms phase one of the project known as Corporate Real Estate 2000. | ||
| 650 | _aASSETS | ||
| 650 | _aCOMPANIES | ||
| 650 | _aCORPORATE REAL ESTATE 2000 | ||
| 650 | _aFIFTH RESOURCE | ||
| 650 | _aIDRC | ||
| 650 |
_aProperty management _96262 |
||
| 650 | _aPROPERTY RESEARCH | ||
| 650 | _aUNITED STATES | ||
| 690 | _aPROPERTY LAW AND PRACTICE | ||
| 700 | _aLouargand, Marc | ||
| 700 | _aLambert, Sandra | ||
| 700 | _aBecker, Franklin | ||
| 710 |
_aIndustrial Development Research Foundation _9573 |
||
| 942 | _n0 | ||
| 948 | _c04/03/1997 | ||
| 999 |
_c91004 _d91004 |
||